000 00702nam a2200265Ia 4500
001 16832
003 GE_BSU
008 181216s||||||||xx |||||||||||||| ||und||
020 _aISBN 9780136039754 (alk. paper)
040 _cGE_BSU
080 _a172
100 _aSharp, Brett S.Grant Aguirre, Kenneth Kickham.
245 _aManaging in the public sector
245 2 _ba casebook in ethics and leadership
250 _aEd. no. 01
260 _aBoston
260 _bLongman,
260 _c2011
300 _axi, 154 p. ; 23 cm.
541 _h144gel.
653 _aa casebook in ethics and leadership
653 _aManaging in the public sector
653 _aეთიკა
942 _cBK
999 _c49896
_d49896